000 01147cam a2200217 4500
001 WB@3612-818
008 041007n2004 000 0 eng u
035 _a(Sirsi) u127651
245 _aLand market slowdown
260 _c2004
490 _aFarmers' Weekly
_v(141) 14, 1-7 October 2004, 86(1)
520 _aThe latest research bulletin from FPDSavills reveals that market activity in the first eight months of 2004 was down 22% across Great Britain. The total acreage publicly marketed was 86 500 acres compared with 110 500 acres a year earlier in 2003. The overall supply of land to the market is now only 40% of what it was during the three years before foot-and-mouth struck in 2001. In England, the downturn in supply, by 9% to 65 8000 acres, was not as bad as in Scotland or Wales. For more details on figures go to: http://www.fpdsavills.co.uk/default.aspx. http://www.fpdsavills.co.uk/research.asp?category= Rural&dateFrom=&dateTo
590 _aWB
590 _aWB
650 _aRURAL AREAS
650 _aFARMLAND PRICES
650 _aFARMLAND SALES
650 _aFARMLAND MARKET
690 _aRURAL-MARKET
942 _n0
999 _c118134
_d118134